Everlast - What It's Like Lyrics - Statistics

General Stats
  • This quiz has been taken 17 times
  • The average score is 312 of 473
Answer Stats
Lyrics % Correct
a
100%
an
100%
I
100%
i
100%
in
100%
it
100%
the
100%
what
100%
(what
100%
yo
100%
you
100%
he
92%
is
92%
know
92%
like
92%
like)
92%
man
92%
on
92%
then
92%
to
92%
who
92%
all
85%
and
85%
ask
85%
hear
85%
it's
85%
love
85%
said
85%
was
85%
could
77%
"don't
77%
her
77%
his
77%
of
77%
of"
77%
she
77%
sin
77%
your
77%
ever
69%
i'm
69%
kid
69%
off
69%
seen
69%
that
69%
walk
69%
with
69%
at
62%
baby
62%
beg
62%
but
62%
damn
62%
eyes
62%
"Get
62%
get
62%
had
62%
have
62%
if
62%
job
62%
late
62%
liquor
62%
might
62%
named
62%
or
62%
really
62%
shoes
62%
slob"
62%
store
62%
thing
62%
Tom
62%
when
62%
won't
62%
about
54%
balls"
54%
been
54%
blues
54%
call
54%
cause
54%
change
54%
doll
54%
down
54%
dreadlocked
54%
for
54%
from
54%
fucking
54%
God
54%
"God
54%
head
54%
months
54%
shame
54%
some
54%
spare
54%
they
54%
three
54%
up
54%
we've
54%
win
54%
worry
54%
are
46%
beggin'
46%
calls
46%
clinic
46%
date
46%
dirty
46%
dreamin'
46%
face
46%
full
46%
good
46%
got
46%
hair
46%
later
46%
lose
46%
mange
46%
Mary
46%
mile
46%
out
46%
pregnant
46%
replies
46%
return
46%
rich
46%
say
46%
sing
46%
you've
46%
choose
38%
cuttin'
38%
door
38%
find
38%
forbid
38%
gets
38%
grin
38%
killer
38%
knew
38%
loser
38%
night
38%
now
38%
sad
38%
static
38%
there
38%
walkin'
38%
where
38%
whore
38%
corner
31%
cry
31%
dead
31%
drugs
31%
heads
31%
honest
31%
i've
31%
kids
31%
lie
31%
Max
31%
one
31%
smoked
31%
this
31%
through
31%
times
31%
tough
31%
used
31%
wife
31%
bad
23%
big
23%
chrome
23%
finest
23%
green
23%
heard
23%
lost
23%
shit
23%
sweared
23%
talked
23%
that's
23%
wound
23%
.45
15%
caught
15%
couple
15%
cup
15%
fat
15%
golden
15%
least
15%
news
15%
pulled
15%
side
15%
silver
15%
spoon
15%
stacks
15%
their
15%
until
15%
wake
15%
baddest
8%
before
8%
between
8%
broke
8%
depends
8%
dimes
8%
drank
8%
ends
8%
everything
8%
faced
8%
game
8%
gunfight
8%
heart
8%
keep
8%
licked
8%
midst
8%
pace
8%
pain
8%
play
8%
start
8%
thugs
8%
usually
8%
way
8%
comes
0%
hang
0%
liked
0%
sinnger
0%
stroked
0%
No matching quizzes found
Score Distribution
Percent of People with Each Score
Percentile by Number Answered
Your Score History
You have not taken this quiz